=LDR 00000nam 2200000 4500 =001 INLIS000000000018962 =005 20130612114058 =008 ***********************************Ind** =035 ##$$0010-061300000018962 =041 ##$$a Ind =082 ##$$a 370.19 =090 ##$$a 370.19, Gun s =100 ##$$a Gunawan, Ary H =245 ##$$a Sosiologi pendidikan, suatu analisis sosiologi tentang pelbagai problem pendidikan, Drs. Ary. H. Gunawan =260 ##$$a 2000 $b Jakarta =300 ##$$a ix, 187 hlm, 21 cm =650 ##$$a Sosiologi pendidikan =850 ##$$a NBPNMAT